Normal view MARC view
  • Piro, Guillermo,

Entry Nombre Personal

Number of records used in: 1

001 - NUMERO DE CONTROL

  • campo de control: 47708

003 - IDENTIFICADOR DE NUMERO DE CONTROL

  • campo de control: DLC

005 - FECHA Y HORA DE LA ÜLTIMA TRANSACCIÓN

  • campo de control: 20230131155802.0

008 - DATOS DE LONGITUD FIJA

  • campo de control de longitud fija: 890322n| azannaabn |n aaa d

010 ## - NÚMERO DE CONTROL DE LA BIBLIOTECA DEL CONGRESO

  • Número de control LC: n 89617061

035 ## - NUMERO DE CONTROL

  • Número de control: (OCoLC)oca02486843

040 ## - FUENTE DE CATALOGACIÓN

  • Agencia original de catalogación: ICU
  • Lenguaje de catalogación: spa
  • Description conventions: rda
  • Agencia de transcripción: ICU
  • Agencia que lo modifica: OCoLC
  • Agencia que lo modifica: UPB
  • Agencia que lo modifica: MX-MxUPN

046 ## - FECHAS CON CODIFICACIÓN ESPECIAL

  • Fecha de nacimiento: 1960-08-16
  • Fuente del formato de fecha: edtf

053 #0 - NÚMERO DE CLASIFICACIÓN LC

  • Número de clasificación elemento-número único o número inicial de tramo: PQ7798.26.I713

100 1# - ENCABEZAMIENTO - NOMBRE PERSONAL

  • Nombre personal: Piro, Guillermo,
  • Fechas asociadas con el nombre: 1960-

370 ## - LUGAR ASOCIADO

  • Place of birth: Avellaneda (Buenos Aires, Argentina)
  • Fuente del término: naf

374 ## - OCUPACIÓN

  • Occupation: Periodista
  • Occupation: Traductor
  • Fuente del término: lcsh

377 ## - LENGUA ASOCIADA

  • Language code: spa

670 ## - FUENTE EN LA QUE SE LOCALIZARON DATOS

  • Cita de la fuente: La golosina caníbal, 1988:
  • Información localizada: portada (Guillermo Piro) contraportada (b. 1960)

670 ## - FUENTE EN LA QUE SE LOCALIZARON DATOS

  • Cita de la fuente: Instrucciones para doblar una esquina, 2012:
  • Información localizada: portada (Guillermo Piro) solapa (nació el 16 de agosto de 1960 en Avellaneda, provincia de Buenos Aires, Argentina; escritor, periodista y traductor)

670 ## - FUENTE EN LA QUE SE LOCALIZARON DATOS

  • Cita de la fuente: El hilo de la razón, 1998:
  • Información localizada: portada (Guillermo Piro, traductor)

902 ## - CATALOGADOR

  • Catalogador: Víctor Ruiz/310123